• 首页
  • 本馆介绍
  • 公告通知
  • 最新文献
  • 馆藏检索
  • 电子资源
  • 读者导购
  • 参考咨询
  • 我的图书馆
  • 登录
  • 详细信息显示
  • 放入我的书架
  • 预约/预借图书
  • 作者相关作品
  • 分类相关作品
  • 丛书相关作品
  • 出版社相关作品

书目信息

  • 表格格式
  • 工作单格式
  • 卡片格式
题名:
犯罪心理揭秘
    
 
作者: 曲楠 著 ;京师心智 组编
分册:  
出版信息: 北京   台海出版社  2018
页数: 199页
开本: 24cm
丛书名:
单 册:
中图分类: D917.2-49
科图分类:
主题词: 犯罪心理学--fan zui xin li xue--通俗读物
电子资源:
ISBN: 978-7-5168-1896-1
000 01106nam0 2200265 450
001 012001008709
005 20140102093038.0
010    @a978-7-5168-1896-1@dCNY36.80
099    @aCAL 012018113173
100    @a20180716d2018 em y0chiy0121 ea
101 0  @achi
102    @aCN@b110000
105    @ay z 000yy
106    @ar
200 1  @a犯罪心理揭秘@Afan zui xin li jie mi@f曲楠著@g京师心智组编
210    @a北京@c台海出版社@d2018
215    @a199页@d24cm
314    @a曲楠, 知名心理学畅销书作家, 致力于研究犯罪心理学、通俗心理学。
330    @a本书从变态心理犯罪、未成年人犯罪、文化信仰犯罪、侵犯财产犯罪和群体性犯罪5个方面着手, 以21个轰动世界的惊天大案为例, 以扎实专业的心理、法律理论做支撑, 以跌宕起伏的案情发展为主线, 为我们推开了犯罪心理的隐秘之门, 这里有恐怖分子, 有娈童癖杀手, 有10岁小恶魔, 更有杀妻灭子者、灭门案制造者和种族大屠杀……小心, 他们来了!
606 0  @a犯罪心理学@Afan zui xin li xue@j通俗读物
690    @aD917.2-49@v5
701  0 @a曲楠@Aqu nan@4著
712 02 @a京师心智@Ajing shi xin zhi@4组编
801  0 @aCN@b上海新华@c20191020
905    @b1185524-7@dD917.2-49@e871@f4
    
    犯罪心理揭秘/曲楠著/京师心智组编.-北京:台海出版社,2018
    199页;24cm
    
    
    ISBN 978-7-5168-1896-1:CNY36.80
    本书从变态心理犯罪、未成年人犯罪、文化信仰犯罪、侵犯财产犯罪和群体性犯罪5个方面着手, 以21个轰动世界的惊天大案为例, 以扎实专业的心理、法律理论做支撑, 以跌宕起伏的案情发展为主线, 为我们推开了犯罪心理的隐秘之门, 这里有恐怖分子, 有娈童癖杀手, 有10岁小恶魔, 更有杀妻灭子者、灭门案制造者和种族大屠杀……小心, 他们来了!
●
相关链接 在E读中查询图书 在五车中查询图书 在当当中查询图书 在豆瓣中查询图书


正题名:犯罪心理揭秘     索取号:D917.2-49/871         预约/预借

序号 登录号 条形码 馆藏地/架位号 状态 备注
1 1185524   211855241   第一样本阅览室/ [索取号:D917.2-49/871] 在馆    
2 1185525   211855250   第一借阅区/ [索取号:D917.2-49/871] 在馆    
3 1185526   211855269   第一借阅区/ [索取号:D917.2-49/871] 在馆    
4 1185527   211855278   第一借阅区/ [索取号:D917.2-49/871] 在馆    
唐山师范学院图书馆 欢迎您!
大连网信软件有限公司© 版权所有